El fraude de acreedores: la acción pauliana
Збережено в:
| Автор: | |
|---|---|
| Формат: | Книга |
| Мова: | Іспанська |
| Опубліковано: |
Zaragoza
Real Colegio de España
1998
|
| Серія: | Collection Studia Albornotiana, 67
|
| Предмети: | |
| Теги: |
Додати тег
Немає тегів, Будьте першим, хто поставить тег для цього запису!
|
MARC
| LEADER | 00000nam a2200000 a 4500 | ||
|---|---|---|---|
| 001 | UCP6758 | ||
| 003 | CL-VaPUC | ||
| 008 | 991112e19980000SP |||||||||||||||||spa|d | ||
| 082 | 0 | 4 | |a 346.077 |b FER |2 21 |
| 100 | 0 | |a Fernández Campos, Juan Antonio |e author |9 436022 | |
| 245 | 1 | 3 | |a El fraude de acreedores: la acción pauliana |
| 300 | |a 349 p | ||
| 942 | |c BK | ||
| 945 | |d 19991112 00:00:00 |a vberengu | ||
| 260 | |a Zaragoza |b Real Colegio de España |c 1998 | ||
| 650 | 0 | |a Acción pauliana |9 871269 | |
| 650 | 0 | |a Contratos |9 255153 | |
| 650 | 0 | |a Derecho civil español |9 390729 | |
| 650 | 0 | |a Deudor y acreedor |9 256643 | |
| 650 | 7 | |a FRAUDE |2 CL-VaPUC |9 258623 | |
| 583 | |a last modification |c 19991112 00:00:00 |k Rodrigo Vera | ||
| 490 | 0 | |a Collection Studia Albornotiana, 67 | |
| 999 | |c 284201 |d 284199 | ||
| 952 | |0 0 |1 0 |4 0 |6 346_077000000000000_FER_1998 |7 0 |8 A |9 327982 |a BIBDER |b BIBDER |d 2019-11-20 |i 3546683 |l 1 |m 6 |o 346.077 FER 1998 |p 3546683 |q 2025-12-31 |r 2020-03-04 |s 2020-03-04 |w 2019-11-20 |y BK |k DER | ||